|
|
|
|
| LEADER |
00939pam a22002658a 4500 |
| 001 |
00023871 |
| 005 |
20171026081022.0 |
| 008 |
110701s1998 ||||||Viesd |
| 041 |
0 |
# |
|a Vie
|
| 082 |
1 |
4 |
|a 570.078
|b GI108TR
|
| 100 |
0 |
# |
|a Nguyễn Văn Khang
|e chủ biên
|
| 245 |
0 |
0 |
|a Thực tập nghiên cứu thiên nhiên
|b Sách dùng cho CĐSP
|c Nguyễn Văn Khang
|
| 260 |
# |
# |
|b Giáo Dục
|c 1998
|a H.
|
| 300 |
# |
# |
|a 140tr.
|c 27cm.
|
| 500 |
# |
# |
|a ĐTTS ghi: Bộ Giáo Dục và Đào Tạo
|
| 650 |
# |
4 |
|a Giáo trình
|
| 650 |
# |
4 |
|a Thiên nhiên
|
| 653 |
# |
# |
|a Thực tập
|
| 852 |
# |
# |
|b Kho giáo trình
|j KGT.0008032, KGT.0008033, KGT.0032795, KGT.0032890
|
| 852 |
# |
# |
|b Kho mượn
|j KGT.0008032
|
| 852 |
# |
# |
|j KGT.0032795
|j KGT.0008032
|j KGT.0008033
|j KGT.0032890
|
| 910 |
0 |
# |
|d 01/07/2011
|
| 980 |
# |
# |
|a Trung tâm Học liệu Lê Vũ Hùng, Trường Đại học Đồng Tháp
|